000 00757nam a2200253Ia 4500
003 OSt
005 20220928115707.0
006 a|||||r|||| 00| 0
007 ta
008 220927b |||||||| |||| 00| 0 eng d
024 _a4940
037 _cTextual
040 _aSDCL
_cSDCL
_beng
041 _2eng
_aeng
082 _aB643, P7
100 _aAmbrosetti Antonio
_9445585
245 0 _aNonlinear analysis and semilinear elliplic problems.
260 _aCombridge
_bCombridge University Press
_c2007
300 _axi,316p.
_ccm.
490 _aCombridge studies in advanced mathematics. 104
700 _a Malchiodi Andrea
_9445586
942 _hB643, P7
_cTEXL
_2CC
999 _c760506
_d760506